Responses for show #1705 - Friday, January 17, 1992

Contestants

Kyle Osburn, an electronics sales associate from Saint Louis, Missouri

Nancy Greene, a reference librarian from Indianapolis, Indiana

Walter Mayes, a publisher sales representative from San Francisco, California (whose 2-day cash winnings total $33,201)

Jeopardy! Round responses

AMPHIBIANS
ROCK 'N' ROLL FACTS
TRAVEL U.S.A.
NEW TESTAMENT
CARTOON CATCH PHRASES
POTENT POTABLES
    $100 24
(Alex: We have less than a minute to go in the round.)

gills

Kyle
    $100 6
The Who

Walter
    $100 19
Liberace

Nancy
    $100 16
purple

Nancy
    $100 1
Porky Pig

Walter
    $100 11
sake

Kyle
    $200 25
vertebrates

Walter
    $200 7
Pink Floyd

Walter
    $200 20
Mt. Rushmore

Walter
    $200 17
(Alex: 5 loaves of bread and [*] itty-bitty fishes.)

2

Triple Stumper
    $200 2
Yogi Bear

Walter
    $200 12
a sling

Nancy
    $300 26
Australia

Walter
    $300 8
Born in the U.S.A.

Walter
    $300 21
Pennsylvania

Walter
    $300 18
Michael

Walter
    $300 3
the Road Runner

Nancy
    $300 13
milk (or cream)

Nancy
    $400 27
glands

Walter
    $400 9
Chad and Jeremy

Kyle
    $400 22
Ford's Theatre

Kyle
    $600 29
Judas (Iscariot)

Nancy
    $400 4
Sylvester

Walter
    $400 14
(Kyle: What is Drambuie?)

[Although originally judged incorrect, a Bobby Burns can be made with Drambuie, and Kyle is credited with a correct response just after the interview portion of the episode.]

scotch

Kyle
    $500 28
(Alex: Yes, Devon.)

the Devonian Period

Nancy
    $500 10
Buffalo Springfield

Kyle
    $500 23
New Hampshire

Kyle
    $500 5
(Kyle: Who is Augie Doggie?)

Huckleberry Hound

NancyKyle
    $500 15
schnapps

Nancy

Scores at the first commercial break (after clue 15):

Walter Nancy Kyle
$1,300 $1,800 $900

Scores at the end of the Jeopardy! Round:

Walter Nancy Kyle
$3,000 $3,100 $1,900

Double Jeopardy! Round responses

AFRICA
SPACE FLIGHT
MYSTERIES
ROYALTY
THE CIVIL WAR
GOLD
    $200 11
Zambia

Nancy
    $200 21
Gemini

Kyle
    $200 2
Agatha Christie

Kyle
    $200 1
Scotland

Walter
    $200 16
Grant

Walter
    $400 12
Lake Nasser

Walter
    $400 22
Sally Ride

Walter
    $400 3
Siamese cats

Nancy
    $400 7
(Nancy: Who is Anne Boleyn?)

Marie Antoinette

NancyKyle
    $400 17
Atlanta

Nancy
    $600 13
the Zulus

Kyle
    $600 23
(Walter: What is Woodstock?)
...
(Alex: Yes, "[*] has landed".)

the Eagle

WalterKyle
    $600 4
(Kyle: Who are the Hopi?)

the Navajo

WalterKyle
    $600 8
William & Mary

Walter
    $600 18
Bull Run

Walter
    $600 26
(Walter: [Long pause] What is the [buzzer sounds] gold [unintelligible].)

the Klondike

WalterKyle
    $800 14
(Kyle: What is England?)

France

WalterKyle
    $800 24
Valentina Tereshkova

Kyle
    $800 5
(Alex: By Sue Grafton, yes.)

H is for Homicide

Walter
    $2,200 9
Constantine

Walter
    $800 19
the Battle of Shiloh

Triple Stumper
    $800 27
(Kyle: What is an ounce?)
...
(Alex: Yes, [*] karat is pure gold.)

24

NancyKyle
    $1000 15
Timbuktu

Walter
    $1000 25
(Alex: Yes, with a minute to go in the round.)

the Saturn (V rocket)

Kyle
    $1000 6
Dorothy Sayers

Kyle
    $1000 10
Catherine the Great

Walter
    $1000 20
Alexander Stevens

Triple Stumper
    $700 28
copper

Nancy

Scores at the end of the Double Jeopardy! Round:

Walter Nancy Kyle
$10,600 $5,200 $5,100
(lock game)

[wagering suggestions for these scores]

Final Jeopardy! Round responses

WORD ORIGINS
(Alex: [To Kyle] From pondus, yes.)
KyleWhat is ponder?
$5,099
NancyWhat is Ponder
$5,100
WalterWhat
$199
ponder

Final scores:

Walter Nancy Kyle
$10,401 $10,300 $10,199
3-day champion: $43,602 2nd place: Panasonic word processor + Baldwin brass desk accessories 3rd place: Verichron timepiece + Nintendo Entertainment System & games

Game dynamics:

Coryat scores:

Walter Nancy Kyle
$9,200 $5,300 $5,100
24 R
(including 1 DD),
2 W
14 R
(including 2 DDs),
1 W
16 R,
4 W

Combined Coryat: $19,600

The J! Archive is created by fans, for fans. The Jeopardy! game show and all elements thereof, including but not limited to copyright and trademark thereto, are the property of Jeopardy Productions, Inc. and are protected under law. This website is not affiliated with, sponsored by, or operated by Jeopardy Productions, Inc. Join the discussion at JBoard.tv.